Inter Milan 2020s Champions League Scorers - Statistics

General Stats
  • This quiz has been taken 43 times
  • The average score is 18 of 25
Answer Stats
Goals Nationality Player % Correct
7 Bosnian Edin Dzeko
100%
21 Argentine Lautaro Martinez
100%
9 Belgian Romelu Lukaku
100%
5 French Marcus Thuram
97%
6 Turkish Hakan Calhanoglu
95%
3 Dutch Denzel Dumfries
92%
4 Italian Nicolo Barella
90%
3 Chilean Alexis Sanchez
87%
2 Armenian Henrikh Mkhitaryan
87%
1 Italian Federico Dimarco
79%
1 Croatian Marcelo Brozovic
79%
3 Austrian Marko Arnautovic
79%
1 Italian Francesco Acerbi
74%
1 Slovak Milan Skriniar
74%
1 Dutch Stefan De Vrij
72%
1 Croatian Ivan Perisic
69%
1 Iranian Mehdi Taremi
64%
1 Chilean Arturo Vidal
62%
1 French Benjamin Pavard
54%
1 Italian Matteo Darmian
54%
1 Argentine Joaquin Correa
49%
1 German Robin Gosens
46%
1 Uruguayan Matias Vecino
44%
3 Italian Davide Frattesi
38%
1 Italian Antonio Candreva
23%
No matching quizzes found
Score Distribution
Percent of People with Each Score
Percentile by Number Answered
Your Score History
You have not taken this quiz